000 00760nam a2200301Ia 4500
001 96225
003 IT-RoPAU
008 130308s9999 xx 000 0 und d
040 _aIT-RoPAU
040 _cIT-RoPAU
041 _aITALIANO
100 _aLuzi Gerolamo
100 _gCodice Aut. SPICS: 33290
245 _aLuce che uccide
245 _bLuce che Uccide
250 _a1a ed.
260 _aASTI
260 _bElle Di Ci
260 _c1944 [1° Ed.:1944 - Ed.Ling.Originale:1944]
300 _a"28 p. (prefazione: no ; testo: 28 [pagine: 0-0])"
500 _aLibretto contro I Pericoli del Cinema
650 _aSAGGI SUL CINEMA
650 _eCodice materia Spics: 6811
942 _cBK
957 _71
999 _c72557
_d72557
999 _bSI
999 _g1